| 000 | 00470nam a2200169 i 4500 | ||
|---|---|---|---|
| 001 | 94297 | ||
| 003 | ES-MaACL | ||
| 005 | 20230906181439.0 | ||
| 007 | t| | ||
| 008 | 050427s1971 sp ||||1| spa d | ||
| 100 | 1 |
_aLópez Pedrol, José Luis. _973871 |
|
| 245 | 1 | 4 |
_aLos oscuros hombres _b: novela / _cJosé Luis López Pedrol. |
| 250 | _a[1ª ed.]. | ||
| 260 |
_aBarcelona : _bPlaneta, _c1971. |
||
| 300 |
_a230 p. ; _c19 cm. |
||
| 852 |
_aES-MaACL _jC-41185 _bR.80235 |
||
| 999 |
_c94297 _d94297 |
||